| 000 | 00725nam a2200289 a 4500 | ||
|---|---|---|---|
| 003 | AR-BaBNM | ||
| 005 | 20251128205823.0 | ||
| 008 | 082120s2002 ||||||||||||||000 | spa|| | ||
| 020 | _a3-900284-02-4 | ||
| 040 | _cAR-BaBNM | ||
| 100 | 1 | _aVerlag, Schmid | |
| 245 | 0 | 0 | _aAustria in picture |
| 260 |
_aSalzburgo _bHelmut Schmid Verlag _c[s.f.] |
||
| 300 |
_a92 p. _bil., láms. |
||
| 650 | 4 | _aVIAJES | |
| 650 | 4 | _aTURISMO | |
| 650 | 4 | _aMUSEOS | |
| 650 | 4 | _aMONUMENTOS HISTORICOS | |
| 650 | 4 | _aVISITAS A LOS MUSEOS | |
| 650 | 4 | _aARTE RELIGIOSO | |
| 650 | 4 | _aDISEÑO ARQUITECTONICO | |
| 650 | 4 | _aEDIFICIOS RELIGIOSOS | |
| 650 | 4 | _aPATRIMONIO CULTURAL | |
| 651 | 4 | _aAustria | |
| 942 | _cBK | ||
| 998 | _cMariana | ||
| 999 |
_c12944 _d12944 |
||